Ładuje się......

Health and Poverty Gender Analysis

Opis bibliograficzny
1. autor: Zoe Oxaal and Sarah Cook
Format: Printed Book
Wydane: BRIDGE Report No.46 1998
Hasła przedmiotowe:
Dostęp online:http://10.26.1.76/ks/00563.pdf
LEADER 003810000a22001330004500
100 |a Zoe Oxaal and Sarah Cook 
245 |a Health and Poverty Gender Analysis 
260 |c 1998 
260 |b BRIDGE Report No.46 
650 |a WOMEN 
856 |u http://10.26.1.76/ks/00563.pdf 
942 |c KS 
999 |c 69952  |d 69952 
952 |0 0  |1 0  |4 0  |7 0  |9 61916  |a MGUL  |b MGUL  |d 2015-08-01  |l 0  |r 2015-08-01  |w 2015-08-01  |y KS